000 01192nam a22003497a 4500
003 CHAP
005 20220817041041.0
008 971013s1990 ch r 00010 eng d
010 _a5322
011 _a6294
035 _a5514
040 _cCHAP
090 _aFolleto 13535
100 0 0 _aSunder Dawra, Shyam.
_9110661
245 1 _aBenefiting small scale and marginal farmers through trade liberalization and intercooperative trade in agricultural commodities
260 _aTaipei City, China :
_bFood & Fertilizer Technology Center,
_c1990
300 _a9 p.
490 _aExtension bulletin
_v; 324
500 _a56-282
501 _aEnc. con otro impreso similar
590 _aBATCH-UPD
_b10
_c20130109
_lUCH01
_h2340
590 _aBATCH-UPD
_b10
_c20130110
_lUCH01
_h2113
590 _aBATCH-UPD
_b10
_c20130410
_lUCH01
_h1423
590 _aBATCH-UPD
_b10
_c20130914
_lUCH01
_h1938
590 _aCONVERSION
_b10
_c20130109
_lUCH01
_h1304
650 1 4 _aAgricultura cooperativa
_xAsia.
_91948
650 1 4 _aProductos agrícolas
_xMercadeo
_xAsia.
_991956
830 0 _aExtension bulletin
_v; 324
901 _aBK
942 _cFOLL
949 _aFolleto 13535
_bBC
_cFOLL
_d-15100
_eTS1
_i5514
_si
999 _c5322
_d5322